000 00758nam a2200229 a 4500
005 20180803165023.0
008 140306b1999 ck a |r|||| 00| 0 spa d
040 _aCO-BoIAVH
_cCO-BoIAVH
041 0 _aspa
044 _ack
082 0 4 _a344.046
_bR33n
245 0 0 _aReferencias sobre normatividad ambiental y participación ciudadana
260 _aBogotá :
_bSENA :
_bMinambiente,
_c1999.
300 _a191 páginas :
_bilustraciones a color ;
_c28 x 21 centímetros
650 1 6 _aLegislación medioambiental
650 2 6 _aPolítica ambiental
650 2 6 _aCuencas hidrográficas
650 2 6 _aReservas Naturales
662 _aColombia
710 2 _aColombia
_b, Ministerio del Medio Ambiente
942 _cLIBRO
_2ddc
999 _c2632
_d2632